Nanočastice v životnom prostredí a ich toxické účinky

Saved in:
Bibliographic Details
Main Author: Drobňáková, Adriána (Author)
Other Authors: Prousek, Jozef (Thesis advisor)
Format: Manuscript Book
Language:Slovak
Published: 2015
Subjects:
Online Access:http://is.stuba.sk/zp/portal_zp.pl?podrobnosti=92563
Tags: Add Tag
No Tags, Be the first to tag this record!

MARC

LEADER 00000ntm a22000003a 4500
001 stuzp46703
003 SK-STU
005 20160719153134.8
007 ta
008 150427s2015----xo-----f-mn---000-0-slo-d
040 |a STU  |b slo 
041 0 |a slo 
100 1 |a Drobňáková, Adriána  |u 046290  |4 aut  |U FCHPT Ústav chemického a environmentálneho inžinierstva  |T FCHPT Oddelenie environmentálneho inžinierstva  |X 42467  |U C6290  |Y 120  |7 A0000042467 
242 0 1 |a Nanoparticles in the Envinronment and Their Toxic Effects  |y eng 
245 1 0 |a Nanočastice v životnom prostredí a ich toxické účinky 
260 |c 2015 
650 4 |a toxicita  |2 slo 
650 4 |a fotodegradácia  |2 slo 
650 4 |a fotokatalyzátor ZnO  |2 slo 
650 4 |a nanočastice  |2 slo 
650 4 |a toxicity  |2 eng 
650 4 |a photodegradation  |2 eng 
650 4 |a photocatalyst ZnO  |2 eng 
650 4 |a nanoparticles  |2 eng 
700 1 |a Prousek, Jozef  |4 ths  |X 3296  |7 A000003296 
856 4 |u http://is.stuba.sk/zp/portal_zp.pl?podrobnosti=92563 
SQL |a stuzp46703  |b DBP  |c SLO  |d Nanočastice v životnom prostredí a ich toxické účinky  |e 42467  |f Drobňáková, Adriána  |g 046290  |h 3296  |i Prousek, Jozef  |j 20150713  |k 753  |l 04  |m http://is.stuba.sk/zp/portal_zp.pl?podrobnosti=92563  |n B-CHEMAT  |o 4.1.14. chémia, 5.2.18. chemické technológie